Out of the dark (Falco) - Songtext - Statistiken

Allgemein
  • Dieses Quiz wurde 163 mal gespielt
  • Das Durchschnittsergebnis liegt bei 187 aus 292
Antwortstatistiken
Antwort % Korrekt
da,
98%
the
98%
dark
97%
I
97%
of
97%
Out
97%
in
94%
light
91%
Du
88%
du
88%
"Into
88%
dir
87%
die
86%
Ich
84%
ich?
84%
ich
84%
sagt
82%
Stimme,
82%
To
75%
Hörst
74%
um
70%
Um
70%
mein
69%
Mein
69%
zu
69%
bist
68%
dich
66%
meine
66%
and
64%
night
64%
up
64%
Will
63%
den
62%
give
62%
mich
62%
sich
61%
denn
59%
my
59%
von
59%
nur
58%
Alles
57%
bin
57%
Muss
57%
Zeit
57%
Warum
56%
Atemzug
55%
dreht
55%
genug
55%
jedem
55%
Leben,
55%
leben?
55%
eyes"?
54%
Was
54%
ausgerechnet
52%
krieg'
52%
niemals
52%
es
51%
close
50%
der
50%
Für
50%
für
50%
ist
50%
sterben
50%
über
50%
willst
50%
Willst
50%
Wunden
50%
küssen?
49%
Wann
49%
you
48%
Zähl'
48%
kommst
47%
noch?
47%
Sekunden
47%
Stunden,
47%
tears"?
46%
und
46%
Hab
45%
mir
45%
Doch
44%
Das
43%
kann
43%
Lass'
43%
Lass
43%
lass
43%
scheint
43%
stehen
43%
still
43%
bereit,
42%
nah
42%
your
41%
Ewigkeit
40%
ganz
40%
Mit
40%
gehen
38%
gewunden
38%
meiner
38%
Deine
37%
geschunden,
37%
Sehnsucht
37%
zerrissen
37%
quälen?
36%
zählen?
35%
Heut'
34%
musst
33%
schon
33%
Tage
33%
Dann
32%
Pakt
32%
spüren
32%
Gestern,
30%
Nacht
30%
schließt
30%
Hölle
29%
Kreis,
29%
Morgen
29%
unseren
29%
deiner
28%
Preis
28%
schenk'
27%
verführen,
27%
Hand
26%
brennt
25%
Heute
25%
Licht
25%
Überlebenselixier
25%
nenn'
24%
waste
24%
Ergeben
23%
ergeben
23%
Macht
22%
Mal
22%
weiße
22%
zum
22%
näher,
21%
entführen
20%
kein
20%
kommt
20%
letzten
19%
Weg
19%
zurück
19%
Stück
18%
Reich
17%
Keine übereinstimmenden Quizze gefunden
Verteilung der Resultate
Anzahl Personen mit jedem Resultat
Perzentil nach korrekt beantworteten Fragen
Ihre Resultats-Entwicklung
Sie haben dieses Quiz noch nicht gespielt